| 000 | 00549nam a2200169 4500 | ||
|---|---|---|---|
| 001 | 109667 | ||
| 003 | ES-MaACL | ||
| 005 | 20230906184903.0 | ||
| 007 | t| | ||
| 008 | 061121s1985 sp r ||||1| spa d | ||
| 020 | _a84-206-9030-9 | ||
| 100 | 1 |
_aMuns, Joaquín. _984222 |
|
| 245 | 1 | 0 |
_aHistoira de las relaciones entre España y el Fondo Monetario Internacional _b: veinticinco años de economía española / _cJoaquín Muns. |
| 260 |
_aMadrid : _bAlianza, _c1985. |
||
| 300 |
_a457 p., 6 lám ; _c23 cm. |
||
| 852 |
_aES-MaACL _jL-10184 _bR.111619 |
||
| 999 |
_c109667 _d109667 |
||